Personnages de Saw - Statistiques

Statistiques générales
  • Ce quiz a été pris 99 fois
  • Le résultat moyen est 7 sur 16
Statistiques - réponses
Par images Réponse % Correct
Amanda Young
93%
John Kramer
86%
Mark Hoffman
71%
Adam Stanheight
70%
Lawrence Gordon
65%
Billy
60%
Eric Matthews
39%
Jill Tuck
34%
Peter Strahm
34%
David Tapp
33%
Allison Kerry
26%
Daniel Rigg
25%
Logan Nelson
16%
Ezekiel/Zek Banks
14%
William Schenk
9%
Eleonore Boneville
4%
Aucun quiz correspondant
Distribution des résultats
% des personnes avec chaque résultat
Percentile par nombre de réponses
Votre historique - résultats
Vous n’avez pas pris ce quiz